| 000 | 00424nam a2200145Ia 4500 | ||
|---|---|---|---|
| 005 | 20251222152036.0 | ||
| 008 | 251222s9999||||xx |||||||||||||| ||spa|| | ||
| 020 | _a9290396660 | ||
| 082 | _a333.76/S41 | ||
| 100 | _aSepélveda, Sergio | ||
| 245 | 0 | _aMetodologĂa para estimar el nivel de desarrollo sostenible de los territorios rurales (El Biograma) | |
| 250 | _a1ra.ed. | ||
| 264 | _bComunidad de Madrid | ||
| 942 | _cLIB | ||
| 999 |
_c25845 _d25845 |
||